Taco Hemingway - Café Belga - Statystyki

Ogólne statystyki
  • Ten quiz został rozwiązany 17 razy
  • Średni wynik to 8 z 11
Statystyki odpowiedzi
Café Belga % Poprawnych
Café Belga
88%
2031
81%
Wszystko na niby
81%
4 AM In Girona
75%
Adieu
75%
Fiji
75%
Reżyseria: Kubrick
75%
ZTM
75%
Motorola
69%
Abonent jest czasowo niedostępny
56%
Modigliani
50%
Nie znaleziono quizów pasujących do podanych kryteriów
Rozkład punktacji
Procent ludzi z każdym wynikiem
Percentyl według liczby udzielonych odpowiedzi
Twoja historia wyników
Nie rozwiązałeś tego quizu